000
00270nam a22000977a 4500
999
_c
10939
_d
10939
008
180412b ||||| |||| 00| 0 eng d
020
_a
9788121928335
100
_a
Mehrotra, Dheeraj
_9
6745
245
_a
Computer Learning
260
_a
New Delhi
_b
S, Chand and Company Ltd
_c
2009